Тарталетки (Запись № 12828598)

Подробности
000 -МАРКЕР
контрольное поле 02964nam0a2200373 4500
001 - ИДЕНТИФИКАТОР ЗАПИСИ
контрольное поле RU\NLR\BIBL_A\016251424
005 - ИДЕНТИФИКАТОР ВЕРСИИ
контрольное поле 20230829181945.0
010 ## - МЕЖДУНАРОДНЫЙ СТАНДАРТНЫЙ НОМЕР КНИГИ (ISBN)
Номер (ISBN) 978-5-389-20850-6
Тираж 3000
021 ## - НОМЕР ГОСУДАРСТВЕННОЙ РЕГИСТРАЦИИ
Код страны Российская Федерация
Номер КН-П-22-086972
Номер Листа государственной регистраци КН-П-22-7702
021 ## - НОМЕР ГОСУДАРСТВЕННОЙ РЕГИСТРАЦИИ
Код страны Российская Федерация
Номер КН-П-24-009491
Номер Листа государственной регистраци КН-П-24-0982
035 ## - ДРУГИЕ СИСТЕМНЫЕ НОМЕРА
Идентификатор записи (NLR Aleph) 016251424
035 ## - ДРУГИЕ СИСТЕМНЫЕ НОМЕРА
Идентификатор записи (RuMoRGB)011448733
100 ## - ДАННЫЕ ОБЩЕЙ ОБРАБОТКИ
Данные общей обработки 20221229d2022 m y0rusy50 ca
101 1# - ЯЗЫК РЕСУРСА
Язык текста, звукозаписи и т.д. русский
Язык оригинала английский
102 ## - СТРАНА ПУБЛИКАЦИИ ИЛИ ПРОИЗВОДСТВА
Страна публикации Российская Федерация
105 ## - ПОЛЕ КОДИРОВАННЫХ ДАННЫХ: ТЕКСТОВЫЕ МАТЕРИАЛЫ, МОНОГРАФИЧЕСКИЕ
Кодированные данные о монографическом текстовом документе ac z 000zy
181 #0 - ПОЛЕ КОДИРОВАННЫХ ДАННЫХ: ВИД СОДЕРЖАНИЯ
Код вида содержания (ISBD) i
Код характеристики содержания (ISBD) axxe
182 #0 - ПОЛЕ КОДИРОВАННЫХ ДАННЫХ: ТИП СРЕДСТВА
Код типа средства (ISBD) n - непосредственное
200 1# - ЗАГЛАВИЕ И СВЕДЕНИЯ ОБ ОТВЕТСТВЕННОСТИ
Основное заглавие Тарталетки
Сведения, относящиеся к заглавию вкусные идеи для праздничного стола
Первые сведения об ответственности Мейке Схалинг
Последующие сведения об ответственности перевод с английского Светланы Казмерик
203 ## - ВИД СОДЕРЖАНИЯ И ТИП СРЕДСТВА
Вид содержания Текст
Дополнительные сведения об издании визуальный
Тип средства непосредственный
210 ## - ПУБЛИКАЦИЯ, РАСПРОСТРАНЕНИЕ И ДР.
Место издания, распространения и т.д. Москва
Имя издателя, распространителя и т. д. КоЛибри
-- Азбука-Аттикус
Дата издания, распространения и т.д. 2022
215 ## - ФИЗИЧЕСКАЯ ХАРАКТЕРИСТИКА
Специфическое обозначение материала и объем 173, [2] с.
Другие сведения о физической характеристике ил., цв. ил., портр.
Размеры 25
320 ## - ПРИМЕЧАНИЯ О НАЛИЧИИ В ДОКУМЕНТЕ БИБЛИОГРАФИИ / УКАЗАТЕЛЯ
Текст примечания Указ. рецептов: с. 172-173
330 ## - РЕЗЮМЕ ИЛИ РЕФЕРАТ
Текст примечания Мейке Схалинг, основатель Petit g?teau, одной из самых популярных кондитерских Амстердама, раскрывает секреты приготовления безупречных сладких тарталеток. Освоив базовые идеи и принцины их создания, вы сможете варьировать сочетания вкусов до бесконечности. Возьмите рассыпчатое песочное тесто, добавьте одну из нежных начинок (лимонный, миндальный, или заварной крем? Клафути? А может, карамель или ганаш?), потом - немного фруктов или ягод (свежих или припущенных, запеченных или карамелизованных) и, наконец, украсьте в соответствин со своими симпатиями, например крамблом, орехами или шоколадом... Вуаля, роскошная тарталетка готова! "Сами тарталетки действительно очень простые в приготовлении, а начинка часто состоит не более чем из трех компонентов. Несмотря на это, тарталетки получаются очень аппетитными, красивыми и вкусными!" (Мейке Схалинг)
333 ## - ПРИМЕЧАНИЯ ОБ ОСОБЕННОСТЯХ РАСПРОСТРАНЕНИЯ И ИСПОЛЬЗОВАНИЯ
Текст примечания 16+
606 1# - НАИМЕНОВАНИЕ ТЕМЫ КАК ПРЕДМЕТ
Наименование темы Кондитерские изделия мучнистые
Тематический подзаголовок Рецептура
Системный номер авторитетной/нормативной записи 2082882
Идентификатор авторитетной/нормативной записи RU\NLR\AUTH\661258922
675 ## - УНИВЕРСАЛЬНАЯ ДЕСЯТИЧНАЯ КЛАССИФИКАЦИЯ (UDC/УДК)
Индекс 641.55(083.12)
Издание 4
686 1# - ИНДЕКСЫ ДРУГИХ КЛАССИФИКАЦИЙ
Индекс Л869
700 #1 - ИМЯ ЛИЦА - ПЕРВИЧНАЯ ОТВЕТСТВЕННОСТЬ
Начальный элемент ввода Схалинг
Часть имени, кроме начального элемента ввода М.
Расширение инициалов личного имени Мейке
942 ## - ДОПОЛНИТЕЛЬНЫЕ ЭЛЕМЕНТЫ ЗАПИСИ (АБИС)
Тип экземпляра АБИС Книга
980 ## - КОЛЛЕКЦИЯ
Название коллекции Национальная библиография
Экземпляры
Тип экземпляра Дата поступления Источник поступления Библиотека постоянного хранения Библиотека текущего хранения Место хранения Шифр хранения Штрих-код Статус экземпляра Нумерация / хронология для периодики
Книга 29.12.2022 Обязательный экземпляр РНБ (Московский) РНБ (Московский) Русский книжный фонд: издания с 1957 года 2022-7/9900 1-4095791    
Книга 29.12.2022 Обязательный экземпляр РНБ (Московский) РНБ (Московский) Обменный фонд   1-4095787    
Книга 27.03.2024 Обязательный экземпляр РНБ (Московский) РНБ (Московский) Обменный фонд   1-4487123   2024
Книга 27.03.2024 Обязательный экземпляр РНБ (Московский) РНБ (Московский) Обменный фонд   1-4487122   2024